[Event "NOR-ch Youth 2019"]
[Site "Skien"]
[Date "2019.11.10"]
[Round "6.4"]
[White "Holand, Per Fredrik"]
[Black "Nordquelle, Daniel"]
[Result "0-1"]
[WhiteElo "1927"]
[BlackElo "2190"]
[Annotator "TA"]
[PlyCount "66"]
[EventDate "2019.11.08"]
[EventType "swiss"]
[EventCountry "NOR"]
[SourceTitle "playchess.com"]
[Source "ChessBase"]
[SourceQuality "1"]

{[%evp 27,66,-8,0,-15,-17,-43,-52,-108,-108,-229,-185,-238,-238,-270,-257,-254,-250,-210,-143,-254,-253,-306,-315,-438,-355,-589,-582,-1106,-1097,-1403,-1372,-1876,-1822,-2545,-2481,-29982,-29983,-5673,-3338,-29989,-29989]} 1. e4 c5 2. Nf3 d6 3. Nc3 a6 4. d4 cxd4 5. Nxd4 Nf6 6. Bc4 e6 7. Bb3 b5 8. O-O Be7 9. Qf3 Qc7 10. Qg3 O-O 11. Bh6 Ne8 12. Rfe1 Bd7 13. Rad1 Nc6 14. Nxc6 Bxc6 15. Bf4 {[#] B87: Sicilian Scheveningen/Najdorf: 6 Bc4, with early ...b5} Qb7 $146 ({Predecessor:} 15... a5 16. a3 b4 17. axb4 axb4 18. Nb1 Qb7 19. Nd2 Nf6 20. Bxd6 Bxd6 21. Qxd6 Rfd8 22. Qf4 Nxe4 23. Nxe4 Rxd1 {1-0 (80) Vovk,Y (2546)-Aveskulov,V (2526) ICC INT 2009}) 16. Nd5 Bd8 17. Nb4 (17. Nc3 $15) 17... Bxe4 $17 {Threatens to win with ...a5.} 18. Rd4 (18. c3 $17) 18... d5 19. Nd3 (19. a4 $142) 19... Bb6 $19 20. Rdxe4 dxe4 21. Ne5 Kh8 22. c3 Bc7 23. Bc2 (23. Qh4 $17) 23... Rd8 24. f3 Nf6 {Hoping for ...Nh5.} 25. Qh4 Qd5 26. Ng4 $2 (26. Bxe4 Nxe4 27. fxe4 Qxa2 28. Qf2) 26... Nxg4 27. Bxe4 {[%csl Ge4][%cal Rh4h7]} Bb6+ 28. Be3 Bxe3+ 29. Rxe3 {[#]} Qh5 $1 {[%mdl 512]} 30. Qxg4 {[#]} (30. Qxh5 Rd1+) 30... Qc5 $1 31. Qf4 e5 32. Qg5 f6 33. b4 {[#]} Qb6 {Played: Qc5-a7} 0-1

[Event "NOR-ch Youth 2019"]
[Site "Skien"]
[Date "2019.11.10"]
[Round "6.5"]
[White "Leonhardsen, Vebjorn Maanum"]
[Black "Opseth, Oliver"]
[Result "1/2-1/2"]
[WhiteElo "1836"]
[BlackElo "1795"]
[Annotator "NA RC"]
[PlyCount "97"]
[EventDate "2019.11.08"]
[EventType "swiss"]
[EventCountry "NOR"]
[SourceTitle "playchess.com"]
[Source "ChessBase"]
[SourceQuality "1"]
[TimeControl "5400+30"]

{[%evp 36,96,141,67,121,113,127,0,118,-31,-23,-27,282,138,144,58,43,46,58,87,353,358,366,172,365,-148,160,0,115,108,200,185,856,211,205,157,174,173,191,214,225,172,173,139,365,176,313,16,181,0,305,320,327,341,326,295,327,306,311,343,381,298,329]} 1. c4 {[%emt 0:00:00]} e5 {[%emt 0:00:00]} 2. Nc3 {[%emt 0:00:22]} Nf6 {[%emt 0:00:18]} 3. Nf3 {[%emt 0:01:11]} d6 {[%emt 0:02:27]} 4. g3 {[%emt 0:02:54]} Be7 {[%emt 0:02:33]} 5. Bg2 {[%emt 0:00:06]} O-O {[%emt 0:01:41]} 6. O-O {[%emt 0:00:58]} h6 {[%emt 0:05:28]} 7. d3 {[%emt 0:05:43]} Nc6 {[%emt 0:01:56]} 8. Bd2 {[%emt 0:00:46] A29: English Opening: Four Knights Variation with 4 g3} (8. Rb1 Be6 9. b4 Qd7 10. b5 Na5 11. c5 a6 12. cxd6 Bxd6 13. d4 exd4 14. Qxd4 axb5 15. Rxb5 Be7 16. Bf4 {0-1 (25) Ekdyshman,M (2362)-Vajda,L (2554) Zalakaros 2015}) 8... Bg4 {[%emt 0:01:27]} 9. Rc1 $146 {[%emt 0:01:45]} ({Predecessor:} 9. a3 Qd7 10. Re1 Nd8 11. b4 c6 12. Qb3 Ne6 13. e3 Nh7 14. Ne2 Nhg5 15. Nh4 Nh3+ {0-1 (32) Wild,K (1885)-Jeraj,Z (2123) St Veit 2009}) 9... Qd7 {[%emt 0:01:53]} 10. Re1 {[%emt 0:05:36]} Rae8 {[%emt 0:07:59]} 11. Be3 {[%emt 0:04:07]} Nh5 {[%emt 0:07:31]} 12. d4 {[%emt 0:14:05]} e4 {[%emt 0:01:09]} 13. Nxe4 {[%emt 0:05:24]} f5 {[%emt 0:00:28]} 14. Nc3 {[%emt 0:00:11]} f4 {[%emt 0:01:39]} 15. Bd2 {[%emt 0:02:36]} g5 {[%emt 0:03:37]} 16. Nd5 {[%emt 0:12:28]} Bh3 {[%emt 0:06:40]} 17. Qc2 {[%emt 0:06:33]} Bf5 {[%emt 0:00:54]} 18. Qd1 {[%emt 0:00:52]} Bh3 $1 {[%emt 0:05:23]} 19. Bc3 {[%emt 0:10:00]} (19. gxf4 $16 Kh8 20. fxg5) 19... Bd8 $1 $11 {[%emt 0:02:14] remains equal.} 20. Qc2 {[%emt 0:03:04]} Bf5 {[%emt 0:00:46]} 21. Qd1 {[%emt 0:02:14]} (21. Qa4 $14) 21... Be4 {[%emt 0:01:11]} 22. Ne5 {[%emt 0:14:47]} (22. e3 $16) 22... dxe5 {[%emt 0:03:48]} 23. Bxe4 {[%emt 0:00:10]} Qf7 $2 {[%emt 0:06:46] [#]} ({Don't take} 23... exd4 24. Bg6 $17) (23... fxg3 $11 24. fxg3 exd4) 24. dxe5 {[%emt 0:03:53]} (24. e3 $1 $18) 24... Nxe5 {[%emt 0:07:38]} 25. Bxe5 {[%emt 0:00:36]} ({White should play} 25. Rf1 $16) 25... Rxe5 {[%emt 0:00:05]} 26. Bf3 {[%emt 0:00:38]} g4 {[%emt 0:03:38]} 27. Bxg4 {[%emt 0:01:51]} Rg5 $2 {[%emt 0:00:18]} (27... fxg3 $16 28. fxg3 c6) 28. Bxh5 $1 {[%emt 0:00:33]} Qxh5 {[%emt 0:00:58] [#]} 29. Qd4 {[%emt 0:00:28]} (29. Nxf4 $142 $1 {[%mdl 512]} Qe8 (29... Rxf4 30. Qxd8+) 30. e3) 29... Rg4 $2 {[%emt 0:02:30]} (29... Qf7) 30. Qd3 $2 {[%emt 0:00:31]} (30. Nxf4 $18 Qf7 31. e3) 30... Bg5 $2 {[%emt 0:05:14]} (30... fxg3 $17 {keeps the pressure on.} 31. fxg3 (31. hxg3 $2 Rxf2 {[%mdl 64] Deflection} 32. Kxf2 Qh2+ 33. Kf1 Qh3+ 34. Kf2 Qh2+ 35. Kf1 Rxg3 $19) 31... Rf2 32. Nf6+ (32. Kxf2 $2 {perishes.}) 32... Bxf6 33. Qd5+ Qxd5 34. cxd5 Rf5 35. Rxc7 Rxd5 36. Rxb7 Rd2) 31. Rcd1 {[%emt 0:00:27]} c6 {[%emt 0:02:02]} (31... fxg3 $11 32. fxg3 (32. hxg3 Rxf2 33. Kxf2 Qh2+ 34. Kf1 Rxg3 $11) 32... Rf2) 32. Nc3 {[%emt 0:00:18]} Qf7 {[%emt 0:02:24]} (32... Be7 $16 {was called for.} 33. Ne4 fxg3 34. fxg3 (34. hxg3 $2 Qe5 $17) 34... Rff4) 33. Rf1 {[%emt 0:00:47]} h5 $2 {[%emt 0:00:12]} (33... Bf6 34. Qf5 Qg6 35. Qxg6+ Rxg6) 34. Ne4 $2 {[%emt 0:00:12]} (34. h3) 34... Be7 {[%emt 0:00:34]} 35. Nd6 {[%emt 0:00:46]} Bxd6 {[%emt 0:01:56]} 36. Qxd6 {[%emt 0:00:05]} Rg6 {[%emt 0:02:45]} 37. Qd3 {[%emt 0:00:58]} h4 {[%emt 0:00:24]} 38. Kg2 {[%emt 0:00:17]} Qe6 {[%emt 0:01:25]} 39. b3 {[%emt 0:00:37]} Rh6 $2 {[%emt 0:02:13]} (39... Rg7 $16 40. c5 Re8) 40. Rh1 {[%emt 0:00:22]} (40. gxf4 $142 Rxf4 41. Rg1 Rg6+ 42. Kh1 Rxg1+ 43. Rxg1+ Rg4 44. Qd8+ Kh7 45. Rxg4 Qxg4 46. f3) 40... Qg4 {[%emt 0:01:45]} (40... Rg6 {was necessary.} 41. Rhe1 Rg7) 41. Qf3 {[%emt 0:00:29]} Qg5 {[%emt 0:02:46]} (41... Qg6 $1 $14 42. Qd3 Qg5) 42. Qd3 $2 {[%emt 0:00:42]} (42. g4 $18) 42... Qg4 $1 {[%emt 0:01:00]} ({Avoid the trap} 42... fxg3 $2 43. hxg3 Rhf6 44. Rxh4 $18) 43. h3 {[%emt 0:00:31]} Qe6 {[%emt 0:01:46]} 44. g4 {[%emt 0:00:17]} Rhf6 {[%emt 0:00:09]} 45. f3 {[%emt 0:00:23]} Qe8 {[%emt 0:00:45]} 46. Rhe1 {[%emt 0:00:22]} Re6 {[%emt 0:00:05]} 47. Rd2 {[%emt 0:00:28]} Re3 {[%emt 0:00:14]} 48. Qd7 {[%emt 0:00:44]} Qe5 $18 {[%emt 0:00:21]} 49. Qd4 {[%emt 0:00:46]} 1/2-1/2

[Event "NOR-ch Youth 2019"]
[Site "Skien"]
[Date "2019.11.10"]
[Round "6.6"]
[White "Gaure, Sigurd Lauvas"]
[Black "Holm, Karl Oskar Magnus"]
[Result "0-1"]
[WhiteElo "1648"]
[BlackElo "1751"]
[Annotator "NA RC"]
[PlyCount "56"]
[EventDate "2019.11.08"]
[EventType "swiss"]
[EventCountry "NOR"]
[SourceTitle "playchess.com"]
[Source "ChessBase"]
[SourceQuality "1"]
[TimeControl "5400+30"]

1. e4 {[%emt 0:00:00]} d5 {[%emt 0:00:00]} 2. exd5 {[%emt 0:00:00]} Qxd5 {[%emt 0:00:00]} 3. Nc3 {[%emt 0:00:00]} Qa5 {[%emt 0:00:00]} 4. Nf3 {[%emt 0:00:16]} Nf6 {[%emt 0:00:00]} 5. d3 {[%emt 0:00:21]} c6 {[%emt 0:00:12]} 6. h3 {[%emt 0:00:10]} Bf5 {[%emt 0:00:53]} 7. Be2 {[%emt 0:00:30]} e6 {[%emt 0:00:18]} 8. O-O {[%emt 0:00:24]} Bd6 {[%emt 0:02:04]} 9. Bd2 {[%emt 0:00:52]} Qc7 {[%emt 0:00:13]} 10. Nh4 {[%emt 0:00:49]} Bg6 {[%emt 0:00:18]} 11. Bg5 {[%emt 0:00:27]} Nbd7 {[%emt 0:00:32]} 12. Bg4 {[%emt 0:03:32]} O-O-O {[%emt 0:12:22]} 13. f4 {[%emt 0:04:09]} Rde8 {[%emt 0:20:18]} 14. f5 {[%emt 0:03:19]} Nxg4 {[%emt 0:01:36]} 15. Qxg4 {[%emt 0:02:26]} exf5 {[%emt 0:00:28]} 16. Nxf5 {[%emt 0:00:13]} Bxf5 {[%emt 0:00:13]} 17. Rxf5 {[%emt 0:00:30]} h5 {[%emt 0:01:51]} 18. Qc4 {[%emt 0:01:01]} f6 {[%emt 0:01:10]} 19. Bf4 {[%emt 0:01:21]} Bxf4 {[%emt 0:12:52]} 20. Qxf4 {[%emt 0:01:06]} Qb6+ {[%emt 0:06:26]} 21. Kh2 {[%emt 0:03:00]} Qxb2 {[%emt 0:01:16]} 22. Ne4 {[%emt 0:02:12]} Rxe4 {[%emt 0:00:44]} 23. Qxe4 {[%emt 0:00:20]} Qxa1 {[%emt 0:00:33]} 24. Qe7 {[%emt 0:00:32]} Qxa2 {[%emt 0:02:21]} 25. Qxg7 {[%emt 0:00:54]} Qg8 {[%emt 0:00:20]} 26. Qe7 {[%emt 0:00:07]} Qe8 {[%emt 0:00:22]} 27. Qd6 {[%emt 0:01:08]} Rg8 {[%emt 0:01:13]} 28. Qd4 {[%emt 0:02:38]} Qe2 {[%emt 0:00:42]} 0-1

[Event "NOR-ch Youth 2019"]
[Site "Skien"]
[Date "2019.11.10"]
[Round "6.7"]
[White "Skaslien, Ingrid"]
[Black "Vitenberg, Noam Aviv"]
[Result "0-1"]
[WhiteElo "1757"]
[BlackElo "2246"]
[Annotator "TA"]
[PlyCount "74"]
[EventDate "2019.11.08"]
[EventType "swiss"]
[EventCountry "NOR"]
[SourceTitle "playchess.com"]
[Source "ChessBase"]
[SourceQuality "1"]

{[%evp 21,74,2,12,-16,-11,-18,-16,-10,-9,-25,-24,-45,0,-50,-24,-43,-45,-56,-48,-98,-60,-60,-37,-121,-94,-74,-91,-88,-92,-79,-79,-107,-102,-102,-93,-272,-274,-275,-272,-270,-196,-251,-262,-277,-269,-262,-275,-362,-363,-439,-429,-533,-531,-512,-496]} 1. d4 d5 2. c4 e6 3. Nc3 Bb4 4. e3 c5 5. a3 Bxc3+ 6. bxc3 Nf6 7. cxd5 exd5 8. Bd3 O-O 9. Ne2 Nc6 10. O-O Bd7 11. f3 Re8 12. Bd2 {E49: Nimzo-Indian: Rubinstein: 5 Bd3 d5 6 a3 Bxc3+ 7 bxc3} (12. Ng3 Rc8 13. Rb1 Qc7 14. Re1 h5 15. Nf1 Rcd8 16. h3 Bc8 17. Qd2 Ne7 18. Qf2 cxd4 19. cxd4 Bf5 {½-½ (74) Aleksandrov,A (2619)-Sulskis,S (2547) Vilnius 2015}) 12... Rc8 $146 ({Predecessor:} 12... Qc8 13. Qb1 c4 14. Bc2 Ne7 15. e4 Ng6 16. e5 Kh8 17. Ng3 Ng8 18. f4 Qc6 19. f5 Nxe5 20. dxe5 Rxe5 {1-0 (42) Gonzalez Rodriguez,J (2441)-Espau Guillem,J (2003) Sabadell 2009}) 13. Qb1 b6 14. Qb2 {The position is equal.} Na5 15. Rae1 Ba4 16. Nc1 Qd7 17. Re2 (17. e4 $5 {[%cal Re4e5]} cxd4 18. e5 dxc3 19. Bxc3 $15) 17... cxd4 18. cxd4 Nc4 19. Bxc4 Rxc4 (19... dxc4 20. e4 $11) 20. Be1 Qb5 {[#] Strongly threatening ...Rxc1!} 21. Bf2 Rec8 {...Qxb2 is the strong threat.} 22. Nd3 (22. Na2 $15) 22... Rc2 $36 {[%mdl 2048] Keeping White busy.} 23. Rxc2 Rxc2 24. Qxb5 Bxb5 25. Nb4 Rc3 26. Ra1 a5 27. Be1 Rxe3 ({Much worse is} 27... axb4 $6 28. Bxc3 bxc3 29. Rc1 $11) 28. Nc2 $2 {[#]} (28. a4 $17) 28... Re2 $19 29. Rc1 Ba4 30. Na1 Ra2 31. Bg3 (31. Nb3 {was called for.}) 31... Ne8 ({Don't take} 31... Rxa3 32. Bc7 $17) 32. Re1 f6 ({Resist} 32... Rxa3 33. Nc2 $19) 33. Bb8 Kf7 34. h3 b5 35. Ba7 {If only White now had time for Bc5....} Nd6 {Black is clearly winning.} 36. Rb1 Nc4 37. Rc1 Rxa3 {Accuracy: White = 28%, Black = 61%.} 0-1

[Event "NOR-ch Youth 2019"]
[Site "Skien"]
[Date "2019.11.10"]
[Round "6.8"]
[White "Sjoberg, Isak"]
[Black "Gjestemoen-VonHirsch, Andre"]
[Result "1/2-1/2"]
[WhiteElo "2247"]
[BlackElo "1967"]
[Annotator "TA"]
[PlyCount "90"]
[EventDate "2019.11.08"]
[EventType "swiss"]
[EventCountry "NOR"]
[SourceTitle "playchess.com"]
[Source "ChessBase"]
[SourceQuality "1"]

{[%evp 22,90,20,21,35,0,7,0,69,0,0,0,0,0,0,-21,-9,-10,-8,-15,-8,-8,-8,-8,-6,-9,0,0,0,0,0,2,40,47,45,41,44,12,15,16,38,38,39,12,12,12,18,12,12,12,12,12,12,9,10,10,10,12,14,14,33,22,22,12,16,0,0,0,0,0,0]} 1. e4 c5 2. Nf3 d6 3. d4 cxd4 4. Qxd4 Nc6 5. Bb5 Bd7 6. Qd3 Nf6 7. c4 g6 8. Nc3 Bg7 9. O-O O-O 10. h3 a6 11. Bxc6 Bxc6 12. Be3 Qa5 {B53: Sicilian: 2...d6: Lines with Qxd4} (12... Nd7 13. Nd4 Nc5 14. Qc2 Qa5 15. Rac1 Rac8 16. Rfe1 Ne6 17. Nxe6 fxe6 18. Qb3 Kh8 19. c5 dxc5 20. Qxe6 {1-0 (40) Malakhov,V (2699)-Navara,D (2718) Bol 2014}) 13. Rab1 b5 14. Nd4 $146 ({Predecessor:} 14. b4 bxc4 15. Qxc4 Bb5 16. Qb3 Qc7 17. Rfc1 Qb7 18. e5 dxe5 19. Nxe5 Ne4 20. Nxb5 axb5 {0-1 (51) Baidetsky,V (2387)-Oros,R (2312) Mukachevo 2019}) 14... Rfc8 (14... Bd7 $11) 15. Nd5 ({Much weaker is} 15. cxb5 Bxb5 16. Ndxb5 axb5 $11) ({Better is} 15. Nxc6 $14 Rxc6 16. cxb5 axb5 17. b4) 15... Nxd5 $11 16. cxd5 Bd7 17. a3 Rc4 18. Nc2 Qc7 19. Rfc1 Rc8 {[%cal Rc4c2]} 20. Nd4 Bxd4 21. Qxd4 Rxd4 22. Rxc7 Rxc7 23. Bxd4 {[%mdl 4096] Endgame KRB-KRB} Rc4 24. Rd1 b4 25. axb4 Ba4 26. Rd2 Bc2 27. f3 f5 28. Bc3 Bb3 29. Re2 fxe4 30. fxe4 Rc8 31. Re3 Bc4 32. Be1 {aiming for Rc3.} Bb5 33. Bh4 Rc1+ 34. Kh2 Kf7 35. e5 dxe5 36. Rxe5 Rc7 37. Bf2 Bc4 38. Bc5 Rd7 39. Re6 h5 40. Kg3 Rxd5 41. Rxe7+ Kf6 {[#] ...Rxc5! is the strong threat.The position is equal.} 42. Re3 Rd3 43. h4 Rxe3+ 44. Bxe3 Kf5 45. Bd2 Bb5 {Accuracy: White = 56%, Black = 64%.} 1/2-1/2

[Event "NOR-ch Youth 2019"]
[Site "Skien"]
[Date "2019.11.10"]
[Round "6.9"]
[White "Melaa, Sondre"]
[Black "Hausken, Andreas Skrede"]
[Result "1-0"]
[WhiteElo "2234"]
[BlackElo "1733"]
[Annotator "TA"]
[PlyCount "39"]
[EventDate "2019.11.08"]
[EventType "swiss"]
[EventCountry "NOR"]
[SourceTitle "playchess.com"]
[Source "ChessBase"]
[SourceQuality "1"]

{[%evp 11,39,37,59,36,32,27,48,39,73,86,87,14,104,103,77,32,24,-97,-34,-35,170,173,188,175,919,904,913,898,29997,29998]} 1. e4 c5 2. Nf3 e6 3. d4 cxd4 4. Nxd4 Nc6 5. Nc3 Qc7 6. Be3 a6 7. Qf3 {B48: Sicilian: Taimanov: 5 Nc3 Qc7 6 Be3 a6 without Be2} Nf6 (7... Ne5 8. Qg3 h5 9. Bg5 f6 10. Bf4 Ne7 11. O-O-O Kf7 12. Bxe5 Qxe5 13. f4 h4 14. Qe3 Qc7 {1-0 (35) Ding,L (2811)-Shankland,S (2705) chess.com INT 2019}) 8. O-O-O Be7 9. Be2 {White is slightly better.} Nxd4 10. Bxd4 O-O 11. g4 (11. e5 $16 Ne8 12. Qe3) 11... d6 (11... b5 $11) 12. g5 $36 {[%mdl 2048] White has strong initiative.} Nd7 13. h4 b5 {[#]} 14. Rdg1 $146 {[#]} (14. a3 $1 $11) ({Predecessor:} 14. Rhg1 b4 {1-0 (39) Gonzalez Vidal,Y (2550)-Alonso,S (2488) Montevideo 2015}) 14... Bb7 (14... b4 $1 $17 {[%cal Rb4c3]} 15. Nd1 Bb7) 15. Qg4 $15 b4 $2 {[#]} (15... Ne5 $15 16. Bxe5 dxe5) 16. g6 $1 $18 {[%mdl 512]} hxg6 (16... fxg6 17. Qxe6+) 17. h5 Ne5 $2 (17... bxc3 18. hxg6 cxb2+ 19. Bxb2 $18) (17... Nf6 18. Bxf6 Bxf6 19. hxg6 Rfc8) 18. Bxe5 $1 dxe5 19. hxg6 Bf6 {[#]} 20. Rh8+ $1 {[%mdl 576] Decoy. Accuracy: White = 53%, Black = 29%.} 1-0

[Event "NOR-ch Youth 2019"]
[Site "Skien"]
[Date "2019.11.10"]
[Round "6.10"]
[White "Abdrlauf, Elham"]
[Black "Shehzad, Shazil"]
[Result "1-0"]
[WhiteElo "2244"]
[BlackElo "2173"]
[Annotator "TA"]
[PlyCount "57"]
[EventDate "2019.11.08"]
[EventType "swiss"]
[EventCountry "NOR"]
[SourceTitle "playchess.com"]
[Source "ChessBase"]
[SourceQuality "1"]

{[%evp 11,57,8,15,16,12,18,8,0,23,0,0,0,0,20,19,9,24,0,0,0,0,0,0,0,0,0,0,0,0,0,0,0,19,0,435,429,439,426,29993,733,29994,29995,29995,29996,29996,29995,29997,29998]} 1. e4 c5 2. Nf3 d6 3. d4 cxd4 4. Nxd4 Nf6 5. f3 e5 6. Nb3 d5 7. Bg5 {B55: Sicilian: 2...d6 3 d4 cxd4 4 Nxd4 Nf6 5 f3} d4 (7... Be6 8. Bxf6 gxf6 9. exd5 Qxd5 10. Qxd5 Bxd5 11. Nc3 Be6 12. Nb5 Kd8 13. O-O-O+ Kc8 14. Nc3 Nd7 15. Nd5 h5 16. Bb5 Bxd5 17. Bxd7+ Kxd7 18. Rxd5+ Ke6 19. Rhd1 h4 20. Kb1 Rg8 21. c4 Rxg2 22. Nd4+ Ke7 23. f4 Rxh2 24. Nf5+ Ke6 25. Nd4+ Ke7 26. Nf5+ Ke6 {½-½ (26) Nabaty,T (2690)-Sjugirov,S (2652) Batumi 2018}) 8. c3 {[%cal Rc3d4]} Nc6 9. cxd4 {Threatens to win with d5.The position is equal.} Bb4+ 10. Bd2 {And now d5 would win.} Nxe4 11. Bxb4 {aiming for Bb5.} Qh4+ $1 12. g3 Nxg3 $1 13. hxg3 Qxh1 14. Ba3 Bh3 15. N1d2 $146 O-O-O 16. Qc2 Bxf1 17. O-O-O $36 {[%mdl 2048] White is pushing.} Qh5 18. Rxf1 {Strongly threatening Na5.} exd4 19. Nc5 Qd5 20. Kb1 Kb8 21. Rc1 Rc8 (21... d3 $5 {[%cal Rd3c2]} 22. Qc3 f6 $11) 22. Qa4 {Hoping for Qb5!} Ka8 $2 {[%mdl 8192] [#]} (22... b6 $1 $11 23. Qb3 Qxb3 24. Ncxb3 Rhd8) 23. Nc4 $1 $18 {[%cal Rc4b6] White threatens Nb6+ and mate.} Qf5+ 24. Ka1 {Nb6+ is the strong threat.} Rcd8 (24... Rhd8 $18 25. Nb6+ {[%mdl 64] Double Attack} Kb8) 25. Nb6+ Kb8 {[#]} 26. Na6+ $1 {[%mdl 576] Deflection. White mates.} bxa6 27. Qxc6 {[%csl Gc1][%cal Rc6c7]} axb6 28. Qxb6+ {[%mdl 64] Double Attack} Ka8 29. Rc7 {Accuracy: White = 73%, Black = 75%.} 1-0

[Event "NOR-ch Youth 2019"]
[Site "Skien"]
[Date "2019.11.10"]
[Round "6.11"]
[White "Vangen, David Luangtep"]
[Black "Unneland, Mathias"]
[Result "0-1"]
[WhiteElo "1732"]
[BlackElo "2029"]
[Annotator "NA RC"]
[PlyCount "74"]
[EventDate "2019.11.08"]
[EventType "swiss"]
[EventCountry "NOR"]
[SourceTitle "playchess.com"]
[Source "ChessBase"]
[SourceQuality "1"]
[TimeControl "5400+30"]

{[%evp 41,74,-22,-37,-82,0,-56,24,-18,36,0,19,0,52,-11,34,0,43,-22,0,0,14,0,14,0,-18,0,0,-12,31,-456,32767,-484,-484,-29992,-29993]} 1. e4 {[%emt 0:06:12]} c5 {[%emt 0:00:00]} 2. b3 {[%emt 0:00:54]} Nc6 {[%emt 0:00:24]} 3. Bb2 {[%emt 0:03:50]} e5 {[%emt 0:01:12]} 4. Nc3 {[%emt 0:06:33]} d6 {[%emt 0:00:47]} 5. Nge2 {[%emt 0:05:09]} g6 {[%emt 0:05:27]} 6. Nd5 {[%emt 0:04:21]} Bg7 {[%emt 0:02:41]} 7. Nec3 {[%emt 0:01:34]} Nge7 {[%emt 0:02:21]} 8. Qf3 {[%emt 0:05:42]} Nd4 {[%emt 0:11:52]} 9. Bb5+ {[%emt 0:04:00]} Nec6 {[%emt 0:01:16]} 10. Qd3 {[%emt 0:03:44]} a6 {[%emt 0:01:25]} 11. Bxc6+ {[%emt 0:02:06]} bxc6 {[%emt 0:00:09]} 12. Ne3 {[%emt 0:00:13]} a5 {[%emt 0:01:00]} 13. Qf1 {[%emt 0:03:24]} f5 {[%emt 0:05:49]} 14. O-O-O {[%emt 0:03:16]} f4 {[%emt 0:07:58]} 15. Nc4 {[%emt 0:00:24]} O-O {[%emt 0:01:36]} 16. f3 {[%emt 0:00:45]} d5 {[%emt 0:03:49]} 17. Na3 {[%emt 0:01:30]} Rf7 {[%emt 0:01:43]} 18. Na4 {[%emt 0:03:40]} Ba6 {[%emt 0:01:58]} 19. d3 {[%emt 0:01:47]} Bf8 {[%emt 0:00:16]} 20. c4 {[%emt 0:00:22]} Rb8 {[%emt 0:02:00]} 21. Qf2 {[%emt 0:06:26]} Rfb7 {[%emt 0:03:59]} 22. Rd2 {[%emt 0:04:14]} (22. h4 $11 {keeps the balance.}) 22... Bd6 {[%emt 0:00:51]} ({Better is} 22... Qd7 $17 23. Rdd1 dxe4 24. dxe4 Qf7) 23. Re1 {[%emt 0:01:21]} ({White should play} 23. h4 $11) 23... Re7 {[%emt 0:03:04]} ({Black should try} 23... Qd7 $15) 24. Nc3 {[%emt 0:02:18]} Bb7 {[%emt 0:01:34]} 25. Na4 {[%emt 0:00:07]} Ba8 {[%emt 0:00:48]} 26. Nc3 {[%emt 0:01:45]} Qc7 {[%emt 0:02:43]} 27. Na4 {[%emt 0:01:01]} ({White should play} 27. cxd5 $14 Ree8 28. Nc4) 27... Rg7 {[%emt 0:00:32]} 28. Rg1 {[%emt 0:03:07]} Rf8 {[%emt 0:00:15]} 29. Bc3 {[%emt 0:02:27]} g5 {[%emt 0:02:05]} 30. h3 {[%emt 0:00:38]} h5 {[%emt 0:01:00]} 31. Rdd1 {[%emt 0:00:22]} Rf6 {[%emt 0:00:37]} 32. Qd2 {[%emt 0:00:58]} g4 {[%emt 0:03:14]} 33. Bxa5 {[%emt 0:00:42]} Qe7 {[%emt 0:00:47]} 34. Qf2 {[%emt 0:05:09]} Rfg6 {[%emt 0:05:17]} 35. Kd2 $2 {[%emt 0:01:44]} (35. hxg4 $1 $11 {and White stays safe.} hxg4 36. Nc2) 35... gxf3 {[%emt 0:00:34]} 36. gxf3 {[%emt 0:04:36]} Rxg1 {[%emt 0:01:36]} 37. Qe3 {[%emt 0:02:09]} (37. Rxg1 $19 Nxf3+ {[%mdl 64] Deflection} 38. Qxf3 Rxg1 39. Ke2) 37... fxe3+ {[%emt 0:00:17] Nc2} 0-1

[Event "NOR-ch Youth 2019"]
[Site "Skien"]
[Date "2019.11.10"]
[Round "6.12"]
[White "Johannessen, Heine N"]
[Black "Oye-Stromberg, Alexander"]
[Result "1/2-1/2"]
[WhiteElo "1772"]
[BlackElo "1980"]
[Annotator "NA RC"]
[PlyCount "55"]
[EventDate "2019.11.08"]
[EventType "swiss"]
[EventCountry "NOR"]
[SourceTitle "playchess.com"]
[Source "ChessBase"]
[SourceQuality "1"]
[TimeControl "5400+30"]

1. d4 {[%emt 0:00:00]} Nf6 {[%emt 0:00:00]} 2. Nf3 {[%emt 0:00:05]} c5 {[%emt 0:00:08]} 3. c4 {[%emt 0:03:48]} g6 {[%emt 0:04:29]} 4. g3 {[%emt 0:01:06]} Bg7 {[%emt 0:00:09]} 5. Bg2 {[%emt 0:00:40]} O-O {[%emt 0:00:17]} 6. O-O {[%emt 0:00:57]} Nc6 {[%emt 0:03:55]} 7. Nc3 {[%emt 0:03:17]} d6 {[%emt 0:10:11]} 8. dxc5 {[%emt 0:06:20]} dxc5 {[%emt 0:00:23]} 9. Be3 {[%emt 0:04:50]} Qa5 {[%emt 0:05:41]} 10. Qa4 {[%emt 0:02:21]} Nd7 {[%emt 0:02:52]} 11. Qxa5 {[%emt 0:10:33] E65: King's Indian: Fianchetto: 6...c5 7 0-0 without d5 by White} Nxa5 {[%emt 0:00:12]} 12. Nd2 {[%emt 0:02:40]} Bxc3 {[%emt 0:07:50]} 13. bxc3 {[%emt 0:00:14]} Rb8 {[%emt 0:00:19]} (13... Re8 14. Rfd1 Kg7 15. Bf4 Nb6 16. Rab1 Bg4 17. Rb5 e5 18. Bg5 Nc6 {½-½ (43) Iturrizaga Bonelli,E (2653)-Kovalenko,I (2650) Riga 2014}) 14. Rfd1 {[%emt 0:07:37]} b6 {[%emt 0:02:46]} 15. Bf4 {[%emt 0:04:22]} e5 {[%emt 0:02:28]} 16. Bh6 {[%emt 0:01:17]} Re8 {[%emt 0:07:39]} 17. Ne4 {[%emt 0:03:27]} Nxc4 $146 {[%emt 0:08:37] [#]} ({Predecessor:} 17... Re7 18. Bg5 Re6 {½-½ (30) Frois,A (2346)-Martinez Martin,D (2283) Madrid 2000}) 18. Rxd7 $1 {[%emt 0:07:47] Remove Defender, Decoy} Bxd7 {[%emt 0:00:06]} 19. Nf6+ {[%emt 0:00:17] Double Attack} Kh8 {[%emt 0:00:07]} 20. Nxd7 {[%emt 0:00:39]} Rbd8 {[%emt 0:01:17]} 21. Rd1 {[%emt 0:06:07]} (21. Nf6 $18 {and White stays clearly on top.}) 21... Re7 {[%emt 0:16:28]} 22. Bc6 {[%emt 0:01:41]} Re6 {[%emt 0:04:59]} 23. Bg2 {[%emt 0:10:45]} Re7 {[%emt 0:12:28]} 24. Bc6 {[%emt 0:00:32]} Re6 {[%emt 0:00:07]} 25. Bg2 $2 {[%emt 0:00:30]} Re7 $1 {[%emt 0:04:05]} 26. Bc6 {[%emt 0:00:12]} Re6 $18 {[%emt 0:00:05]} {White has to play} 27. Bb5 $18 Na3 28. Ba4 1/2-1/2